Goethe And Tagore Parallel Lives And Works/ (Record no. 203150)

MARC details
000 -LEADER
fixed length control field 00621nam a22001937a 4500
005 - DATE AND TIME OF LATEST TRANSACTION
control field 20240522115128.0
010 ## - LCCN (DPL NO)
LC control number ENG-140464
020 ## - INTERNATIONAL STANDARD BOOK NUMBER
International Standard Book Number 9788192812533
Terms of availability 500.00
035 ## - SYSTEM CONTROL NUMBER
System control number EN-123996
037 ## - SOURCE OF ACQUISITION
Source of stock number/acquisition DBAD
082 ## - DEWEY DECIMAL CLASSIFICATION NUMBER
Classification number 809.933
100 ## - MAIN ENTRY--PERSONAL NAME
Personal name Chaudhuri, Kalyan Bhanja
245 ## - TITLE STATEMENT
Title Goethe And Tagore Parallel Lives And Works/
Statement of responsibility, etc by Kalyan Bhanja Chaudhuri
260 ## - PUBLICATION, DISTRIBUTION, ETC. (IMPRINT)
Place of publication, distribution, etc Kolkata
Name of publisher, distributor, etc Kalyan Bhanja Chaudhuri
Date of publication, distribution, etc 2022
270 ## - ADDRESS
Address 356/20, S. K. B. Sarani, DumDum
City Kolkata
Postal code 700006
300 ## - PHYSICAL DESCRIPTION
Extent 303 p.
Dimensions 21cm, (hb}
700 ## - ADDED ENTRY--PERSONAL NAME
Personal name Chaudhuri, Kalyan Bhanja
9 (RLIN) 66297
942 ## - ADDED ENTRY ELEMENTS (KOHA)
Source of classification or shelving scheme Dewey Decimal Classification
Item type English Books
Classification part 809.933
Call number suffix CHA
Holdings
Withdrawn status Lost status Not for loan Collection code Home library Current library Date acquired Source of acquisition Cost, normal purchase price Full call number Barcode Copy number Cost, replacement price Koha item type
      Non-fiction New Police Line New Police Line 22/05/2024 DBAD 500.00 809.933 CHA EN-123996 1 500.00 English Books

© Delhi Public Library
Hit Counter
free hit counter